000 00520nam a22001937a 4500
003 OSt
005 20160616131902.0
008 160616b xxu||||| |||| 00| 0 eng d
020 _a0815145152
040 _cDNLM.
082 _aQV4M499m 1998.
100 _aMcKenry,M.Leda;Salemerno,Evelyn,Salerno.
_99415
245 _aMorsby's Pharmacology in Nursing.
260 _aBoston.
_bMosby.
_c1998.
300 _axx,1180p;
_bcol,ill;
_c28cm.
504 _aIncludes index.
650 _aPharmacology.
_9357
942 _2z
_cO_SHELF
999 _c4371
_d4371